000
00259nam a2200109Ia 4500
008
220216s9999 xx 000 0 und d
100
_a
Mohanakumar S
245
0
_a
Rubber krishiyude maarunna mukham
260
_b
Rubber
_c
2008
300
_a
21-23.
942
_c
ML
999
_c
72833
_d
72833